[Event "EU-ch U18 Girls"]
[Site "Bratislava"]
[Date "2019.08.09"]
[Round "8"]
[White "Balan, Briana Cleopatra"]
[Black "Mocanu, Valeria"]
[Result "0-1"]
[WhiteElo "1858"]
[BlackElo "1769"]
[PlyCount "110"]
[EventDate "2019.08.02"]
[EventType "swiss"]
[EventRounds "9"]
[EventCountry "SVK"]
[SourceTitle "CBM 191 Extra"]
[Source "ChessBase"]
[SourceDate "2019.09.30"]
[SourceVersion "1"]
[SourceVersionDate "2019.09.30"]
[SourceQuality "1"]

1. e4 e5 2. Nf3 Nc6 3. d4 exd4 4. Bc4 Bc5 5. Ng5 Nh6 6. Nxf7 Nxf7 7. Bxf7+ Kxf7 8. Qh5+ g6 9. Qxc5 d5 10. 0-0 dxe4 11. c3 Bf5 12. Bf4 Re8 13. cxd4 Qxd4 14. Qb5 Qb4 15. Nc3 a6 16. Qd5+ Kg7 17. Bxc7 Qe7 18. Bd6 Qe6 19. Rad1 Rad8 20. h3 e3 21. fxe3 Qxe3+ 22. Kh2 Re6 23. Rfe1 Qxe1 24. Rxe1 Rxe1 25. Qc5 Re6 26. Bf4 Rd4 27. Nd5 Re2 28. Qc3 Be4 29. Ne3 Kf7 30. Qb3+ Ke8 31. Qe6+ Kd8 32. Qf6+ Ke8 33. Qh8+ Kd7 34. Qxh7+ Ke6 35. Qg8+ Ke7 36. Bg5+ Kd6 37. Qf8+ Kc7 38. Qf7+ Kb8 39. Qe8+ Ka7 40. Bf4 Bxg2 41. Kg3 Be4 42. Qf8 Rd8 43. Qc5+ Ka8 44. b4 Rd4 45. a3 Ra2 46. Qf8+ Rd8 47. Qc5 Rd4 48. Kg4 Rxa3 49. Kg5 Rxb4 50. Qf8+ Ka7 51. Bd6 Ra5+ 52. Bc5+ b6 53. Qf7+ Ka8 54. Qe8+ Nb8 55. Qxe4+ Rxe4 0-1

[Event "EU-ch U18 Girls"]
[Site "Bratislava"]
[Date "2019.08.04"]
[Round "3"]
[White "Mocanu, Valeria"]
[Black "Radeva, Viktoria"]
[Result "0-1"]
[WhiteElo "1769"]
[BlackElo "2218"]
[PlyCount "92"]
[EventDate "2019.08.02"]
[EventType "swiss"]
[EventRounds "9"]
[EventCountry "SVK"]
[SourceTitle "CBM 191 Extra"]
[Source "ChessBase"]
[SourceDate "2019.09.30"]
[SourceVersion "1"]
[SourceVersionDate "2019.09.30"]
[SourceQuality "1"]

1. e4 c5 2. Nf3 e6 3. d4 cxd4 4. Nxd4 Nf6 5. Bd3 Nc6 6. Nxc6 bxc6 7. 0-0 d5 8. Nd2 Be7 9. b3 0-0 10. Bb2 Bb7 11. Qe2 a5 12. a4 Qb6 13. Kh1 Ba6 14. Bxa6 Qxa6 15. Qf3 Rfd8 16. e5 Nd7 17. Qg4 Bb4 18. Rad1 Bxd2 19. f4 Nf8 20. f5 Bh6 21. f6 Ng6 22. h4 d4 23. Bc1 Bxc1 24. Rxc1 h5 25. Qxh5 d3 26. c4 Rd4 27. g3 c5 28. fxg7 Qb7+ 29. Kh2 Re4 30. Rf2 Rxe5 31. Qd1 Re3 32. Qd2 Qe4 33. Rcf1 Ne5 34. Kh3 Qg4+ 35. Kh2 Qxg3+ 36. Kh1 Qh3+ 37. Kg1 Rg3+ 38. Rg2 Rxg2+ 39. Qxg2 Qxg2+ 40. Kxg2 Kxg7 41. Re1 f6 42. Kf2 Rb8 43. Rb1 Kf7 44. Ke3 Rg8 45. Rb2 Rg3+ 46. Ke4 Rg4+ 0-1

[Event "MDA-ch (Women)"]
[Site "Kishinev"]
[Date "2019.02.01"]
[Round "3"]
[White "Mocanu, Valeria"]
[Black "Petrenko, Svetlana"]
[Result "0-1"]
[WhiteElo "1860"]
[BlackElo "2143"]
[PlyCount "76"]
[EventDate "2019.01.30"]
[EventType "tourn"]
[EventRounds "9"]
[EventCountry "MDA"]
[SourceTitle "CBM 188 Extra"]
[Source "ChessBase"]
[SourceDate "2019.02.26"]
[SourceVersion "1"]
[SourceVersionDate "2019.02.26"]
[SourceQuality "1"]

1. e4 c5 2. Nf3 Nc6 3. Bb5 Qb6 4. Nc3 e6 5. 0-0 a6 6. Bxc6 Qxc6 7. d4 cxd4 8. Nxd4 Qc7 9. Be3 Nf6 10. f3 b5 11. a3 Bb7 12. Qd3 Be7 13. Rac1 0-0 14. Kh1 Rac8 15. a4 b4 16. Nce2 d5 17. exd5 Nxd5 18. Bf2 Bg5 19. Bg3 Qd7 20. f4 Bf6 21. b3 Nc3 22. Bf2 Qd5 23. Qh3 Nxe2 24. Nxe2 Qd2 25. Qd3 Rfd8 26. Qxd2 Rxd2 27. Rfe1 Rcxc2 28. Rxc2 Rxc2 29. Kg1 h6 30. Ng3 Bc3 31. Rb1 f5 32. Nf1 Be4 33. Rd1 Rb2 34. Rd6 Rxb3 35. Rd1 Ra3 36. Rd6 Rxa4 37. Rxe6 Ra1 38. Rd6 b3 0-1

[Event "Wch U18 Girls"]
[Site "Porto Carras"]
[Date "2018.10.29"]
[Round "10.32"]
[White "Greibrokk, Ingrid Andrea"]
[Black "Mocanu, Valeria"]
[Result "1/2-1/2"]
[WhiteElo "2018"]
[BlackElo "1800"]
[PlyCount "104"]
[EventDate "2018.10.20"]
[EventType "swiss"]
[EventRounds "11"]
[EventCountry "GRE"]
[SourceTitle "CBM 187 Extra"]
[Source "ChessBase"]
[SourceDate "2018.11.04"]
[SourceVersion "1"]
[SourceVersionDate "2018.11.04"]
[SourceQuality "1"]

1. c4 e6 2. g3 d5 3. Bg2 Nf6 4. Nf3 Be7 5. 0-0 0-0 6. Qc2 d4 7. b3 c5 8. d3 Nc6 9. e4 dxe3 10. Bxe3 Nb4 11. Qc3 Qxd3 12. Qxd3 Nxd3 13. a3 Ng4 14. Rd1 Nxe3 15. fxe3 Bf6 16. Ra2 Ne5 17. Nxe5 Bxe5 18. Rad2 Bf6 19. Rd3 Rb8 20. Nc3 Bxc3 21. Rxc3 b6 22. Rcd3 e5 23. Rd6 Bg4 24. R1d5 Be6 25. Rxe5 Rbd8 26. Rxd8 Rxd8 27. Bd5 Bxd5 28. cxd5 Kf8 29. e4 Rd6 30. Rf5 Ke7 31. Kg2 g6 32. Rf3 f5 33. exf5 Rxd5 34. fxg6 hxg6 35. g4 b5 36. h4 c4 37. Kg3 cxb3 38. Rxb3 a5 39. Kf3 Kd6 40. Ke4 Re5+ 41. Kf4 Rd5 42. Rh3 b4 43. axb4 axb4 44. h5 gxh5 45. gxh5 Kc5 46. h6 Rd8 47. h7 Rh8 48. Ke3 Kd5 49. Kd3 Ke6 50. Kc4 Kf7 51. Kxb4 Kg7 52. Rg3+ Kxh7 1/2-1/2

[Event "MDA-ch (Women)"]
[Site "Kishinev"]
[Date "2018.02.03"]
[Round "4"]
[White "Mocanu, Valeria"]
[Black "Mihailova, Alina"]
[Result "1/2-1/2"]
[WhiteElo "1799"]
[BlackElo "1653"]
[PlyCount "89"]
[EventDate "2018.01.31"]
[EventType "tourn"]
[EventRounds "9"]
[EventCountry "MDA"]
[SourceTitle "CBM 182 Extra"]
[Source "ChessBase"]
[SourceDate "2018.02.23"]
[SourceVersion "1"]
[SourceVersionDate "2018.02.23"]
[SourceQuality "1"]

1. e4 d5 2. exd5 Nf6 3. d4 Bg4 4. Nf3 Qxd5 5. Be2 Nc6 6. c4 Qh5 7. Be3 0-0-0 8. Nbd2 e5 9. d5 Nd4 10. Nxd4 exd4 11. Bxg4+ Nxg4 12. Bxd4 Re8+ 13. Kf1 Nxh2+ 14. Kg1 Qxd1+ 15. Rxd1 Ng4 16. Rh4 h5 17. f3 Be7 18. Rh3 Nf6 19. Ne4 Nxe4 20. fxe4 Bd6 21. Re1 Be5 22. Bxe5 Rxe5 23. Rf3 f6 24. Rf5 Rhe8 25. Rxe5 Rxe5 26. Kf2 Kd7 27. b4 b6 28. Kf3 Kd6 29. Re3 Re8 30. Ra3 Ra8 31. Ke3 g5 32. Kd4 c5+ 33. bxc5+ bxc5+ 34. Kd3 a6 35. Rb3 Kc7 36. a4 Ra7 37. a5 Rb7 38. Rxb7+ Kxb7 39. e5 f5 40. e6 Kc7 41. e7 Kd7 42. d6 Ke8 43. Ke3 h4 44. Kf3 Kd7 45. Ke3 1/2-1/2

[Event "MDA-ch (Women)"]
[Site "Kishinev"]
[Date "2018.01.31"]
[Round "1"]
[White "Mocanu, Valeria"]
[Black "Petrenko, Svetlana"]
[Result "0-1"]
[WhiteElo "1799"]
[BlackElo "2166"]
[PlyCount "74"]
[EventDate "2018.01.31"]
[EventType "tourn"]
[EventRounds "9"]
[EventCountry "MDA"]
[SourceTitle "CBM 182 Extra"]
[Source "ChessBase"]
[SourceDate "2018.02.23"]
[SourceVersion "1"]
[SourceVersionDate "2018.02.23"]
[SourceQuality "1"]

1. e4 c5 2. Nf3 Nc6 3. Bb5 Qb6 4. Bxc6 Qxc6 5. d3 d6 6. c4 e6 7. Nc3 Bd7 8. Be3 a6 9. a4 b6 10. 0-0 Qc7 11. Qe2 Ne7 12. Nd2 Nc6 13. f4 Nd4 14. Bxd4 cxd4 15. Nd1 Be7 16. Nf3 e5 17. f5 0-0 18. g4 f6 19. b3 b5 20. axb5 axb5 21. Nf2 Ra7 22. Ra2 Rfa8 23. Rfa1 Qb7 24. Qc2 b4 25. h4 Ra3 26. Rxa3 bxa3 27. Nd2 Qb4 28. Nb1 Bd8 29. Qa2 Bb6 30. Nd2 Bc5 31. Nf3 Rb8 32. Nd2 Qc3 33. Kf1 Bb4 34. Nb1 Qc1+ 35. Kg2 Ra8 36. g5 fxg5 37. hxg5 Qxg5+ 0-1

[Event "MDA-ch (Women)"]
[Site "Chisinau"]
[Date "2017.02.05"]
[Round "9"]
[White "Coada, Elena"]
[Black "Mocanu, Valeria"]
[Result "0-1"]
[WhiteElo "1784"]
[BlackElo "1770"]
[PlyCount "88"]
[EventDate "2017.01.28"]
[EventType "tourn"]
[EventRounds "9"]
[EventCountry "MDA"]
[SourceTitle "EXT 2020"]
[Source "ChessBase"]
[SourceDate "2019.10.17"]
[SourceVersion "1"]
[SourceVersionDate "2019.10.17"]
[SourceQuality "1"]

1. d4 d5 2. e3 c5 3. c3 Nc6 4. Bd3 Nf6 5. f4 Bg4 6. Nf3 e6 7. h3 Bf5 8. Bxf5 exf5 9. Nbd2 Ne4 10. dxc5 Bxc5 11. Nb3 Bb6 12. Nbd4 Qd7 13. Bd2 Ng3 14. Rg1 h5 15. Nxc6 bxc6 16. Ne5 Qe6 17. Qf3 h4 18. c4 Ne4 19. Qe2 Rd8 20. Bc3 f6 21. cxd5 Rxd5 22. Nc4 Ng3 23. Qf3 Rd3 24. Nxb6 Rxe3+ 25. Kd2 Rxf3 26. gxf3 Qd6+ 27. Kc2 axb6 28. Rge1+ Kf7 29. Rad1 Qc7 30. Bb4 c5 31. Bc3 Re8 32. Rg1 Qxf4 33. Rd7+ Re7 34. Rd3 c4 35. Rd2 Qxf3 36. Rgd1 Ne4 37. Bb4 Nxd2 38. Bxe7 Kxe7 39. Rxd2 Qxh3 40. a4 Qb3+ 41. Kc1 h3 42. a5 bxa5 43. Re2+ Kf7 44. Rd2 Qg3 0-1

[Event "MDA-ch (Women)"]
[Site "Chisinau"]
[Date "2017.01.31"]
[Round "4"]
[White "Petrenko, Svetlana"]
[Black "Mocanu, Valeria"]
[Result "1-0"]
[WhiteElo "2159"]
[BlackElo "1770"]
[PlyCount "141"]
[EventDate "2017.01.28"]
[EventType "tourn"]
[EventRounds "9"]
[EventCountry "MDA"]
[SourceTitle "EXT 2020"]
[Source "ChessBase"]
[SourceDate "2019.10.17"]
[SourceVersion "1"]
[SourceVersionDate "2019.10.17"]
[SourceQuality "1"]

1. c4 e6 2. Nf3 d5 3. g3 Nf6 4. b3 c5 5. Bg2 Nc6 6. 0-0 g6 7. cxd5 exd5 8. d4 Bg7 9. Bb2 cxd4 10. Nxd4 0-0 11. Nd2 Nxd4 12. Bxd4 b6 13. Qc2 Bb7 14. e3 Qe7 15. Qb2 Rfd8 16. Rfd1 Ne8 17. Nf3 f6 18. a4 Nc7 19. b4 Ne6 20. Bc3 a6 21. h4 h5 22. Nd4 Rac8 23. Nxe6 Qxe6 24. Bd4 Rd6 25. Rd2 Rcd8 26. Rad1 Qf7 27. a5 f5 28. axb6 Bxd4 29. Qxd4 Qe6 30. Rc1 Qf6 31. Qf4 Rxb6 32. Rd4 Qd6 33. Qg5 Qf6 34. Qh6 Qf8 35. Qg5 Qf6 36. Qxf6 Rxf6 37. Rc7 Ba8 38. Ra7 Rfd6 39. Bf1 R6d7 40. Rxd7 Rxd7 41. Bxa6 Bb7 42. Bb5 Rc7 43. Be8 Kg7 44. Ba4 Kf6 45. b5 Ke5 46. Bd1 Rc4 47. f4+ Kd6 48. Rd2 Rb4 49. Be2 Bc8 50. Ra2 Bb7 51. Kf2 Kc5 52. Rc2+ Kd6 53. Bd3 Kd7 54. Ke2 Kd6 55. Kd2 Rb1 56. Rc1 Rxc1 57. Kxc1 Kc5 58. Kd2 Bc8 59. Kc3 Bd7 60. b6 Bc8 61. Bc2 Kb5 62. Kd4 Bb7 63. Bb3 Kxb6 64. Bxd5 Bxd5 65. Kxd5 Kb5 66. Ke6 Kc4 67. Kf6 Kd3 68. Kxg6 Kxe3 69. Kxh5 Kf3 70. Kg5 Kxg3 71. h5 1-0

[Event "EU-ch U14 Girls 25th"]
[Site "Porec"]
[Date "2015.09.29"]
[Round "8"]
[White "Mocanu, Valeria"]
[Black "Vozinaki, Anthi Maria"]
[Result "0-1"]
[WhiteElo "1702"]
[BlackElo "1834"]
[PlyCount "96"]
[EventDate "2015.09.21"]
[EventType "swiss"]
[EventRounds "9"]
[EventCountry "CRO"]
[SourceTitle "EXT 2016"]
[Source "ChessBase"]
[SourceDate "2015.10.08"]
[SourceVersion "1"]
[SourceVersionDate "2015.10.08"]
[SourceQuality "1"]

1. e4 c5 2. Nf3 e6 3. c4 Nc6 4. Nc3 Nd4 5. Nxd4 cxd4 6. Nb1 Ne7 7. Be2 Nc6 8. d3 Be7 9. 0-0 e5 10. a3 a5 11. f4 d6 12. b3 0-0 13. f5 Rb8 14. a4 Bg5 15. Rf3 Kh8 16. Na3 Bd7 17. Nb5 Bxc1 18. Qxc1 Qe7 19. Qd2 Nb4 20. Na3 Rbc8 21. Nc2 Nxc2 22. Qxc2 Qg5 23. Rg3 Qh6 24. Qd1 d5 25. Bf3 dxc4 26. bxc4 g6 27. Bg4 gxf5 28. Bxf5 Bxf5 29. exf5 Rg8 30. Rh3 Qxh3 31. Qf1 Rxg2+ 32. Qxg2 Rg8 33. Qxg8+ Kxg8 34. Rb1 Qxd3 35. Rxb7 Qxf5 36. Ra7 d3 37. Rxa5 d2 38. Rd5 Qg4+ 39. Kf2 d1Q 40. Rxd1 Qxd1 41. a5 e4 42. a6 Qd2+ 43. Kg3 e3 44. a7 Qa5 45. a8Q+ Qxa8 46. c5 Qe8 47. c6 e2 48. c7 e1Q+ 0-1

[Event "EU-ch U14 Girls 25th"]
[Site "Porec"]
[Date "2015.09.24"]
[Round "4"]
[White "Mocanu, Valeria"]
[Black "Vidmar, Klara"]
[Result "1/2-1/2"]
[WhiteElo "1702"]
[BlackElo "1581"]
[PlyCount "83"]
[EventDate "2015.09.21"]
[EventType "swiss"]
[EventRounds "9"]
[EventCountry "CRO"]
[SourceTitle "EXT 2016"]
[Source "ChessBase"]
[SourceDate "2015.10.08"]
[SourceVersion "1"]
[SourceVersionDate "2015.10.08"]
[SourceQuality "1"]

1. e4 c5 2. Nf3 Nc6 3. Bb5 a6 4. Bxc6 dxc6 5. Nc3 Nf6 6. h3 g6 7. d3 Bg7 8. 0-0 0-0 9. Be3 Nd7 10. Qd2 b6 11. Nh2 a5 12. f4 a4 13. a3 e6 14. g4 Bd4 15. Rab1 Nf6 16. Ne2 Ne8 17. Ng3 Ng7 18. Nf3 f5 19. e5 Ra7 20. g5 Rd7 21. Qf2 Bxe3 22. Qxe3 Ne8 23. Nd2 Ba6 24. Rf3 Nc7 25. Ne2 Nb5 26. Rd1 Nd4 27. Nxd4 cxd4 28. Qf2 Rd5 29. h4 Rc5 30. Nf1 Qd5 31. Rc1 Qa2 32. Qxd4 Qd5 33. Qxd5 Rxd5 34. Ne3 Rc5 35. Nd1 Rd8 36. Nf2 Rb5 37. Rb1 Rc5 38. Rc1 Rb5 39. Rb1 Rc5 40. Rc1 Rb5 41. Rb1 Rc5 42. Rc1 1/2-1/2

[Event "MDA-ch (Women)"]
[Site "Kishinev"]
[Date "2015.01.31"]
[Round "5"]
[White "Mocanu, Valeria"]
[Black "Mihailova, Alina"]
[Result "1-0"]
[WhiteElo "1706"]
[BlackElo "1679"]
[PlyCount "179"]
[EventDate "2015.01.27"]
[EventType "tourn"]
[EventRounds "9"]
[EventCountry "MDA"]
[SourceTitle "EXT 2022"]
[Source "ChessBase"]
[SourceDate "2021.10.06"]
[SourceVersion "1"]
[SourceVersionDate "2021.10.06"]
[SourceQuality "1"]

1. e4 e5 2. Nf3 Nc6 3. Bc4 Bc5 4. c3 Nf6 5. d3 a6 6. Nbd2 Ba7 7. h3 d6 8. Bb3 h6 9. Nf1 Be6 10. Ng3 0-0 11. Nh2 d5 12. Qf3 d4 13. c4 b5 14. cxb5 axb5 15. Bd1 Bb6 16. a3 Ba5+ 17. Kf1 Nb8 18. Ng4 Nbd7 19. Nf5 Bxf5 20. Qxf5 g6 21. Nxh6+ Kg7 22. Qg5 Nh7 23. Nf5+ Kh8 24. Qxd8 Rfxd8 25. Ne7 c5 26. Nc6 Rdc8 27. Nxa5 Rxa5 28. Bd2 Ra7 29. b3 f5 30. f3 c4 31. bxc4 bxc4 32. dxc4 Rxc4 33. Bb3 Rc5 34. Bb4 Rb5 35. Rc1 Rab7 36. Ke2 Nc5 37. Bc4 d3+ 38. Bxd3 Nxd3 39. Kxd3 Rd7+ 40. Ke2 Nf6 41. exf5 gxf5 42. Rc5 Rxc5 43. Bxc5 Rc7 44. Rc1 f4 45. Be3 Rb7 46. Bd2 Ra7 47. Ra1 Nh5 48. Bc3 Re7 49. Kd3 Nf6 50. Re1 Nd7 51. a4 Nc5+ 52. Kd2 Nd7 53. a5 Kg7 54. a6 Nb6 55. Kc2 Kf6 56. a7 Rxa7 57. Rxe5 Kf7 58. Ra5 Rc7 59. Rf5+ Kg8 60. Kd3 Na4 61. Be5 Nc5+ 62. Ke2 Re7 63. Kf1 Nd3 64. Bc3 Rc7 65. Bd2 Re7 66. h4 Kh7 67. Kg1 Kg6 68. Rg5+ Kh6 69. Kf1 Re6 70. g3 Kh7 71. gxf4 Rf6 72. f5 Rf8 73. Ke2 Ne5 74. Bc3 Nc4 75. Rh5+ Kg8 76. Rh8+ Kf7 77. Rxf8+ Kxf8 78. Kd3 Nb6 79. Ke4 Kf7 80. f6 Nd7 81. Kf5 Nf8 82. h5 Nh7 83. f4 Nf8 84. Kg5 Ne6+ 85. Kf5 Nf8 86. Bb4 Nh7 87. Be7 Kg8 88. Kg6 Nf8+ 89. Bxf8 Kxf8 90. f7 1-0

[Event "MDA-ch (Women)"]
[Site "Kishinev"]
[Date "2015.01.28"]
[Round "2"]
[White "Hincu, Olga"]
[Black "Mocanu, Valeria"]
[Result "1-0"]
[WhiteElo "2034"]
[BlackElo "1706"]
[PlyCount "165"]
[EventDate "2015.01.27"]
[EventType "tourn"]
[EventRounds "9"]
[EventCountry "MDA"]
[SourceTitle "EXT 2022"]
[Source "ChessBase"]
[SourceDate "2021.10.06"]
[SourceVersion "1"]
[SourceVersionDate "2021.10.06"]
[SourceQuality "1"]

1. d4 d5 2. c4 e6 3. Nc3 Nf6 4. Bg5 c6 5. cxd5 exd5 6. Qc2 Nbd7 7. e3 Be7 8. Bd3 g6 9. Nge2 Nh5 10. Bxe7 Qxe7 11. 0-0 0-0 12. e4 Nb6 13. Rae1 Be6 14. e5 Qd7 15. f4 Bf5 16. Bxf5 Qxf5 17. Qxf5 gxf5 18. h3 Kh8 19. Kh2 Ng7 20. g4 h5 21. Rg1 Rg8 22. b3 hxg4 23. hxg4 fxg4 24. Kg2 Nf5 25. Rh1+ Kg7 26. Rh5 Ne3+ 27. Kf2 Nc2 28. Rc1 Nb4 29. Rg1 Kf8 30. Ng3 c5 31. dxc5 Nd3+ 32. Ke3 Nxc5 33. Nb5 Ne6 34. f5 Ng5 35. e6 d4+ 36. Kd3 Nd5 37. Rf1 Nf3 38. Rh7 Ng5 39. Rhh1 Rd8 40. Nxd4 Nb4+ 41. Kc4 Nxa2 42. Nh5 Rc8+ 43. Kd5 Nc3+ 44. Ke5 Rc5+ 45. Kf4 Nce4 46. Rc1 Ke7 47. Rxc5 Nxc5 48. f6+ Kd6 49. Nf5+ Kc7 50. e7 Nge6+ 51. Ke3 Nd7 52. Rc1+ Kb8 53. Nd6 Nec5 54. e8Q+ Rxe8+ 55. Nxe8 Nxb3 56. Rg1 Ne5 57. Kf4 Nd2 58. Rd1 Nec4 59. Nd6 Nxd6 60. Rxd2 Kc7 61. Kxg4 b5 62. Nf4 a5 63. Rc2+ Kb7 64. Nd5 Nc4 65. Kf4 a4 66. Nc3 Nd6 67. Ke5 Nc4+ 68. Kd4 Na3 69. Ra2 b4 70. Nxa4 Kc6 71. Rb2 Kd6 72. Nc5 Nb5+ 73. Kc4 Nc7 74. Rxb4 Nd5 75. Rb7 Nxf6 76. Rxf7 Ng4 77. Kd4 Kc6 78. Rf4 Nh2 79. Ne4 Kd7 80. Ke3 Ke6 81. Rh4 Nf1+ 82. Kf2 Nd2 83. Nxd2 1-0

[Event "EU-ch U14 Girls 24th"]
[Site "Batumi"]
[Date "2014.10.26"]
[Round "7"]
[White "Greibrokk, Ingrid Andrea"]
[Black "Mocanu, Valeria"]
[Result "1-0"]
[WhiteElo "1797"]
[BlackElo "1596"]
[PlyCount "115"]
[EventDate "2014.10.19"]
[EventType "swiss"]
[EventRounds "9"]
[EventCountry "GEO"]
[SourceTitle "EXT 2016"]
[Source "ChessBase"]
[SourceDate "2015.10.08"]
[SourceVersion "1"]
[SourceVersionDate "2015.10.08"]
[SourceQuality "1"]

1. e4 e5 2. Nf3 Nc6 3. Bb5 a6 4. Ba4 Nf6 5. d3 d6 6. c4 Be7 7. 0-0 0-0 8. h3 Na7 9. Nc3 Bd7 10. Bc2 c5 11. Ne2 Nc6 12. Ng3 Nd4 13. Nxd4 cxd4 14. f4 Re8 15. f5 g6 16. Bg5 Rf8 17. Qd2 Ne8 18. Bh6 Ng7 19. Rf3 Bf6 20. Raf1 Qe7 21. Qf2 g5 22. Bxg7 Kxg7 23. Nh5+ Kh8 24. g4 h6 25. Kg2 b5 26. Bb3 b4 27. Rh1 a5 28. Nxf6 Qxf6 29. h4 Kg7 30. Rfh3 Rh8 31. Qg3 a4 32. Bd1 Bc6 33. hxg5 hxg5 34. Qh2 Rxh3 35. Qxh3 Rg8 36. Qh7+ Kf8 37. Rh6 Qe7 38. c5 f6 39. cxd6 Qxh7 40. Rxh7 Rg7 41. Rh8+ Rg8 42. Rh1 Kg7 43. Be2 Rc8 44. Rc1 Bd7 45. Rc4 Rxc4 46. dxc4 Bc6 47. Kf3 Kf7 48. c5 Ke8 49. Bc4 Kd7 50. Be6+ Kd8 51. Bd5 Bb5 52. c6 a3 53. c7+ Kc8 54. Be6+ Bd7 55. Bxd7+ Kxd7 56. bxa3 bxa3 57. Ke2 Kc8 58. Kd2 1-0

[Event "Kishinev op"]
[Site "Kishinev"]
[Date "2014.01.18"]
[Round "1"]
[White "Bargan, Sergei"]
[Black "Mocanu, Valeria"]
[Result "1-0"]
[WhiteElo "2248"]
[BlackElo "1581"]
[PlyCount "103"]
[EventDate "2014.01.18"]
[EventType "swiss"]
[EventRounds "9"]
[EventCountry "MDA"]
[SourceTitle "EXT 2016"]
[Source "ChessBase"]
[SourceDate "2015.10.08"]
[SourceVersion "1"]
[SourceVersionDate "2015.10.08"]
[SourceQuality "1"]

1. d4 d5 2. c4 e6 3. Nc3 Nf6 4. cxd5 exd5 5. Bg5 Be7 6. e3 c6 7. Qc2 h6 8. Bxf6 Bxf6 9. Bd3 Be6 10. Nf3 Nd7 11. 0-0 0-0 12. Rab1 Rc8 13. Rfc1 c5 14. dxc5 Nxc5 15. Rd1 Nxd3 16. Qxd3 Bxc3 17. bxc3 Qc7 18. Nd4 a6 19. h3 b5 20. a4 Qxc3 21. Qxc3 Rxc3 22. axb5 axb5 23. Rxb5 Rfc8 24. Rb6 Rc1 25. Rxc1 Rxc1+ 26. Kh2 Bc8 27. Rd6 Rc5 28. Kg3 Kh7 29. h4 g6 30. Kf4 Ra5 31. g4 Ba6 32. Rd7 Kg8 33. Ra7 Ra2 34. Ke5 Bc4 35. Rxa2 Bxa2 36. Nc6 Kg7 37. g5 h5 38. Nb4 Bc4 39. Nxd5 Be2 40. f4 Bg4 41. Kd6 Bf5 42. Ke7 Bd3 43. Nf6 Bc4 44. Ne8+ Kg8 45. Nd6 Be6 46. e4 Bb3 47. f5 gxf5 48. exf5 Bd5 49. f6 Bb3 50. g6 fxg6 51. f7+ Bxf7 52. Nxf7 1-0